| 000 | 00790cab a2200253 4500 | ||
|---|---|---|---|
| 001 | WB3447-17 | ||
| 008 | 090401t1998 xxu||||| |||| 00| 0 eng d | ||
| 035 | _a(Sirsi) u90178 | ||
| 041 | _aeng | ||
| 245 | _aBrownfield target questioned | ||
| 260 | _c1998 | ||
| 350 | _a0 | ||
| 490 |
_aBuilding _v263(8067) 6 December 1998, 13(1) |
||
| 520 | _aOutlines problems with the government plan to build 60 per cent of new housing on brownfield sites. Sir Peter Hall has said that there is urgent need to tackle the forecasted requirements for new housing. | ||
| 650 | _aBROWNFIELD SITES | ||
| 650 | _aFORECASTS | ||
| 650 | _aGOVERNMENT | ||
| 650 | _aHOUSEHOLD PROJECTIONS | ||
| 650 | _aNEW HOUSING | ||
| 650 | _aTARGETS | ||
| 690 | _aHOUSING | ||
| 942 | _n0 | ||
| 948 | _c08/12/1998 | ||
| 999 |
_c57130 _d57130 |
||